000 00831cab a22002175a 4500
001 L143933
008 080606e20080527xxk f v 000 0 eng d
035 _a(Sirsi) u143933
041 0 _aeng
100 1 _aCollins, Tom
245 0 0 _aPays to be reasonable
260 _c2008
490 0 _aSolicitors' Journal
_v152(21) 27 May 2008, 17(1)
520 _aExplains that agreeing to mediation is no guarantee of protection against costs. Advises that the parties must not make unrealistic claims.
590 _aKA
650 2 4 _aMALMESBURY AND OTHERS V STRUTT AND PARKER
650 2 4 _aHALSEY V MILTON KEYNES GENERAL NHS TRUST
651 4 _aEngland and Wales
_y1543-
690 _aMANAGEMENT-DISPUTE AVOIDANCE, MANAGEMENT AND RESOLUTION-DISPUTE MANAGEMENT AND RESOLUTION-ALTERNATIVE DISPUTE RESOLUTION-ADJUDICATION
942 _n0
999 _c80317
_d80317